000 00461nam a2200193Ia 4500
005 20240823025909.0
008 240823s9999||||xx |||||||||||||| ||und||
020 _a0-07-060163-1
041 _aENGLISH
082 _A620.112 P9
100 _a"Nash,W.A"
245 0 _aStrength of Materials
250 _aIVth
260 _c2009
_b"Tata Mcgraw Hill,New "
500 _aYES
650 _aStrength of Materials
_bMechanical
942 _cBK
999 _c187407
_d187407